Еще один знак зодиака: [роман]

Bibliographische Detailangaben
1. Verfasser: Леонтьев А. В. Антон Валерьевич
Zusammenfassung:Меня убил Зодиак, маньяк, на руках которого кровь шести человек и на чьей совести смерть на электрическом стуле несправедливо осужденного. Однако я, Ирина Мельникофф, помощница великого писателя, автора известных во всем мире детективов Квентина Мориарти, не могу рассказать о том, что знаю. Ведь я мертва, погибла в день казни невиновного Джека Тейлора. Но в этом мире ничто не кончается! Я о многом хотела бы поведать. Назвать имя своего убийцы, а также того, кто продолжил «зодиакальный цикл» преступлений спустя семьдесят лет... Однако, похоже, не только я вычислила маньяка из прошлого и его преемника в настоящем, ведь расследование ведет Айрин Мориарти, внучка моего любимогописателя...
Sprache:Russisch
Veröffentlicht: Москва, Эксмо, 2007
Schriftenreihe:Коллекция дамских авантюр
Schlagworte:
Format: Buch
KOHA link:https://koha.lib.tpu.ru/cgi-bin/koha/opac-detail.pl?biblionumber=153338

MARC

LEADER 00000nam0a2200000 4500
001 153338
005 20231031151354.0
010 |a 9785699244157 
035 |a (RuTPU)RU\TPU\book\166362 
090 |a 153338 
100 |a 20090211d2007 m y0rusy50 ca 
101 0 |a rus 
102 |a RU 
105 |a y z 000ay 
200 1 |a Еще один знак зодиака  |e [роман]  |f А. В. Леонтьев 
210 |a Москва  |c Эксмо  |d 2007 
215 |a 384 с. 
225 1 |a Коллекция дамских авантюр 
330 |a Меня убил Зодиак, маньяк, на руках которого кровь шести человек и на чьей совести смерть на электрическом стуле несправедливо осужденного. Однако я, Ирина Мельникофф, помощница великого писателя, автора известных во всем мире детективов Квентина Мориарти, не могу рассказать о том, что знаю. Ведь я мертва, погибла в день казни невиновного Джека Тейлора. Но в этом мире ничто не кончается! Я о многом хотела бы поведать. Назвать имя своего убийцы, а также того, кто продолжил «зодиакальный цикл» преступлений спустя семьдесят лет... Однако, похоже, не только я вычислила маньяка из прошлого и его преемника в настоящем, ведь расследование ведет Айрин Мориарти, внучка моего любимогописателя... 
610 1 |a русская литература 
610 1 |a детективы 
610 1 |a романы 
675 |a Р2  |v 3 
700 1 |a Леонтьев  |b А. В.  |g Антон Валерьевич 
801 1 |a RU  |b 63413507  |c 20090211  |g PSBO 
801 2 |a RU  |b 63413507  |c 20090218  |g PSBO 
942 |c BK